New York : (Record no. 7690)
[ view plain ]
| 000 -LEADER | |
|---|---|
| fixed length control field | 00791nam a22002537a 4500 |
| 003 - CONTROL NUMBER IDENTIFIER | |
| control field | OSt |
| 005 - DATE AND TIME OF LATEST TRANSACTION | |
| control field | 20220215120458.0 |
| 008 - FIXED-LENGTH DATA ELEMENTS--GENERAL INFORMATION | |
| fixed length control field | 220215b ||||| |||| 00| 0 eng d |
| 020 ## - INTERNATIONAL STANDARD BOOK NUMBER | |
| International Standard Book Number | 9781846199516 |
| 040 ## - CATALOGING SOURCE | |
| Transcribing agency | DDC |
| 082 ## - DEWEY DECIMAL CLASSIFICATION NUMBER | |
| Classification number | 610.92 TAT 2014 |
| 100 ## - MAIN ENTRY--PERSONAL NAME | |
| Personal name | Peter, Tate: Liz, Tate |
| 9 (RLIN) | 15715 |
| 245 ## - TITLE STATEMENT | |
| Title | New York : |
| Remainder of title | Radcliffe Publishing; |
| Statement of responsibility, etc. | 2014, |
| 250 ## - EDITION STATEMENT | |
| Edition statement | Seventh edition |
| 300 ## - PHYSICAL DESCRIPTION | |
| Extent | xiii, 206 pages : |
| Other physical details | illustrations ; |
| Dimensions | 24 cm |
| 504 ## - BIBLIOGRAPHY, ETC. NOTE | |
| Bibliography, etc | Includes bibliographical references and index |
| 650 ## - SUBJECT ADDED ENTRY--TOPICAL TERM | |
| Topical term or geographic name as entry element | Physician and patient |
| 9 (RLIN) | 10022 |
| 650 ## - SUBJECT ADDED ENTRY--TOPICAL TERM | |
| Topical term or geographic name as entry element | Interpersonal communication |
| 9 (RLIN) | 10023 |
| 650 ## - SUBJECT ADDED ENTRY--TOPICAL TERM | |
| Topical term or geographic name as entry element | Medical history taking |
| 9 (RLIN) | 2391 |
| 650 ## - SUBJECT ADDED ENTRY--TOPICAL TERM | |
| Topical term or geographic name as entry element | Communication |
| 9 (RLIN) | 1820 |
| 650 ## - SUBJECT ADDED ENTRY--TOPICAL TERM | |
| Topical term or geographic name as entry element | Patient Satisfaction |
| 9 (RLIN) | 15716 |
| 650 ## - SUBJECT ADDED ENTRY--TOPICAL TERM | |
| Topical term or geographic name as entry element | Physician's Role |
| 9 (RLIN) | 10170 |
| 942 ## - ADDED ENTRY ELEMENTS (KOHA) | |
| Source of classification or shelving scheme | Dewey Decimal Classification |
| Koha item type | Book |
| Withdrawn status | Lost status | Source of classification or shelving scheme | Damaged status | Not for loan | Home library | Current library | Date acquired | Source of acquisition | Inventory number | Total Checkouts | Full call number | Barcode | Date last seen | Price effective from | Koha item type |
|---|---|---|---|---|---|---|---|---|---|---|---|---|---|---|---|
| Dewey Decimal Classification | MUST Main Library | MUST Main Library | 15/02/2022 | Purchase | 15/39416 | 610.92 TAT 2014 | 2022-0179 | 15/02/2022 | 15/02/2022 | Book |
